00990nam a2200301 i 4500001001000000003000900010005001700019007000300036008003700039020001800076040003300094082003000127100002700157245005200184264007100236300002800307336002700335337003100362338002800393490001300421500007100434650002400505650002200529650002700551650002900578650002500607710005600632000012873DO-SdBPM20251017140421.0ta091118s2022 dr 000 j spa d a9789945510157 aDO-SdBPMbspacBPMSUerdad  4aRD863.44bP379f, 20222221 aPeix, Pedrod1952-201513aEl fantasma de la calle el Conde /cPedro Peix. aSanto Domingo :bEditora Nacional ;bMinisterio de Cultura, c2022 a78 páginas ;c24 cm. 2rdacontentatextobtxt 2rdamediaasin mediacionbn 2rdacarrieravolumenbnc0 aHomenaje aIncluye datos biográficos del autor en la solapa de la cubierta  7aCuentos dominicanos 7aFantasma vCuento 7aLiteratura dominicana.z aShort stories, Dominicanz aDominican literature2 aMinisterio de Cultura de la República Dominicana